000 00934nam a2200313Ia 4500
008 160803s9999 xx 000 0 und d
020 _a 978-0439691444
100 _aStilton, Geronimo
245 4 _aThe wild, wild West /
245 _cGeronimo Stilton ; illustrations by Larry Keys and Ratterto Rattonchi ; English translation by Edizioni Piemme S.p.A.
260 _aNew York :
260 _bScholastic Inc.
260 _c2005
300 _a106 pages :
300 _bcolor illustrations, maps ;
300 _c20 cm.
440 _aGeronimo Stilton ;
440 _vbk. 21
500 _aTranslation of: Quattro topi nel far west!
650 _aMice --
650 _aRats --
650 _aStilton, Geronimo (Fictitious character) --
650 _aWest (U.S.) --
650 _xFiction.
650 _xJuvenile fiction.
650 _xJuvenile fiction.
650 _xJuvenile fiction.
700 _a460
999 _c298241
_d298241